Gaming Quiz

Random Gaming or Pokémon Quiz
Score 0/30 Timer 07:00
5 Plays Today
Pun Answer % Correct
I'm not gonna ______ a love song.Raichu
74.8%
I told him a joke, but he was una___sed.Mew
59.2%
Since we're eating Chinese food, could you pass me ______sticks?Machop
46.9%
Heat-_______ missiles home in on their target.Seaking
43%
He refused to go to the top of the building; he had a real ______f heights.Fearow
37.4%
I'm having trouble staying awake; that medicine just made me feel _______.Drowzee
36.7%
I can never remember which planet is closest to the sun: is it ________ Mercury?Venusaur
35.2%
_____ute zero is the coldest temperature possible.Absol
33.6%
I can't _______ it's not butter!Bayleef
32.2%
On a scale of one to ten, I'd rate Noah's ________.Arcanine
28.7%
We travelled to France and visited Lyon, Marseille, and _____.Paras
28.5%
That food uses margerine, so it's __________.Butterfree
26.9%
There are too many pests; we need to e________ them!Raticate
26.9%
Thanks to the doctor my _____ longer hurts.Hypno
20.3%
In Dewford Town there's a guy who asks you what's hip and _______ng.Happiny
14.6%
Pun Answer % Correct
Medieval warriors used to fight with a ________ a sword.Shieldon
13.3%
I'm really sick; can somebody take me for a ______ down to the doctor?Rhydon
12%
Your mail has been ________.Delibird
11.3%
I'm Sir Lancelot and _______ of the round table.Omanyte
10.3%
My favorite type of music is rock, but I also _______o.Luvdisc
10.2%
I pray to ________ a Muslim.Alakazam
9.9%
Bills are so hard to pay these days; I ________ was easier to come by.Whiscash
7.8%
Q: Why did the Torchic cross the road? A:______?Wynaut
5.7%
I hadn't communicated with him in a while, so I _____ an email.Rotom
5.7%
The woman was thinking about being a nun, so she decided to join the ________.Cloyster
5.6%
Your car may be able to go 100 mph, but ________s even faster.Magcargo
5.5%
I should probably stop coming up with puns with this quiz; I don't know how much longer I'll be able to keep _________ out.Dragonite
5.4%
I bought the hoe, but that ________ gift.Rayquaza
5.2%
If you ever feel hun________ on some food.Garchomp
5.1%
I modified my car; I gave fourth ________ of nitrogen.Gyarados
4.3%
Remove Ads.
Support Sporcle.
Get the best of Sporcle when you Go Orange. This ad-free experience offers more features, more stats, and more fun while also helping to support Sporcle. Thank you for becoming a member.

You're not logged in!

Compare scores with friends on all Sporcle quizzes.
OR
Log In

Sporcle TV

Today on Sporcle TV


Watch our educational content, quiz creation guides, and fun videos on Sporcle TV.

Show Comments

Extras

Top Quizzes Today


Score Distribution

Paid Content

Your Account Isn't Verified!

In order to create a playlist on Sporcle, you need to verify the email address you used during registration. Go to your Sporcle Settings to finish the process.

Report this User

Report this user for behavior that violates our Community Guidelines.

Details: